000 00754nam a2200253Ia 4500
003 OSt
005 20220928105238.0
006 a|||||r|||| 00| 0
007 ta
008 220927b |||||||| |||| 00| 0 eng d
020 _c695
024 _a114158
037 _b163, 02/01/2012, Vidyanidhi Prakashan
_cTextual
040 _aSDCL
_cSDCL
_beng
041 _2eng
_aeng
082 _aV2y7M69:g(W87), Q1
100 _aNath Meeta
_9393885
245 0 _aAhimsa
_b Based on Buddhism and Gandhism.
260 _aDelhi
_bVidyanidhi Prakashan
_c2011
300 _a343p
_ccm.
650 _aSanskrit
_9391587
942 _hV2y7M69:g(W87), Q1
_cTEXL
_2CC
999 _c730324
_d730324